00722nam a2200217 a 450000100060000000300090000600800410001501500210005602000180007704000280009504300180012308200160014110000470015724501230020424600390032725000120036626000400037830000190041849000330043765000340047026212CO-ViMGA141112s2004 ck r 000 u spa d ack - 2010 - xxxx a9789583035166 aCO-ViMGAbspacCO-ViMGA as - ck - - - 04aCo863.3 C111 aCaballero Calderón, Eduardo, 1910 - 199310aDiario de Tipacoque ; De ayer a hoy. Tipacoque / cEduardo Caballero Claderón ; prólogo de Juan Gustavo Cobo Borda aTipacoque : diario y de ayer a hoy a1a. ed. aBogotá : bPanAméricana, c2010 a417 p. ; 21 cm aEduardo Caballero Calderón14aNovela histórica colombiana